[Event "Foment Martinenc op-C 22nd"]
[Site "Barcelona"]
[Date "2022.06.04"]
[Round "7"]
[White "Gomez Uribe, Jose Maria"]
[Black "Palmer Pifarre, Joaquin"]
[Result "0-1"]
[WhiteElo "1789"]
[BlackElo "1700"]
[PlyCount "89"]
[EventDate "2022.04.23"]
[EventType "swiss"]
[EventRounds "9"]
[EventCountry "ESP"]
[SourceTitle "EXT 2023"]
[Source "ChessBase"]
[SourceDate "2022.10.05"]
[SourceVersion "1"]
[SourceVersionDate "2022.10.05"]
[SourceQuality "1"]

1. e4 c5 2. Nf3 g6 3. Bc4 Bg7 4. c3 d6 5. d3 Nf6 6. Bg5 0-0 7. h3 Nc6 8. Qd2 Qb6 9. Bb3 Na5 10. Bd1 c4 11. Bxf6 Bxf6 12. d4 a6 13. 0-0 Qc7 14. h4 b5 15. h5 Bb7 16. Re1 Qd7 17. e5 dxe5 18. Nxe5 Bxe5 19. Rxe5 Nc6 20. Rg5 Nd8 21. Rg3 Ne6 22. Qh6 Be4 23. Nd2 Qd5 24. Nxe4 Qxe4 25. Bf3 Qc2 26. Re1 Ng7 27. Bxa8 Nf5 28. Qf4 Nxg3 29. fxg3 Rxa8 30. Rxe7 Rf8 31. h6 Qd1+ 32. Re1 Qxe1+ 33. Kh2 Qe6 34. g4 Rd8 35. g5 Qd6 36. Kg3 Kf8 37. Kf3 Qxf4+ 38. Kxf4 Ke7 39. Ke5 Rd6 40. d5 f6+ 41. gxf6+ Rxf6 42. g4 a5 43. Kd4 Kd6 44. b3 Rf4+ 45. Ke3 0-1

[Event "Foment Martinenc op-C 22nd"]
[Site "Barcelona"]
[Date "2022.04.30"]
[Round "2"]
[White "Gracia Poch, Frederic"]
[Black "Gomez Uribe, Jose Maria"]
[Result "0-1"]
[WhiteElo "1664"]
[BlackElo "1789"]
[PlyCount "92"]
[EventDate "2022.04.23"]
[EventType "swiss"]
[EventRounds "9"]
[EventCountry "ESP"]
[SourceTitle "EXT 2023"]
[Source "ChessBase"]
[SourceDate "2022.10.05"]
[SourceVersion "1"]
[SourceVersionDate "2022.10.05"]
[SourceQuality "1"]

1. d4 Nf6 2. c4 e6 3. Nc3 b6 4. Bf4 Bb7 5. h3 Be7 6. e3 Bb4 7. a3 Bxc3+ 8. bxc3 d5 9. Bg5 0-0 10. Nf3 Nbd7 11. Bd3 Qe8 12. Bf4 Rc8 13. 0-0 c5 14. Bd6 dxc4 15. Bc2 Qd8 16. Bxf8 Qxf8 17. Nd2 Qd6 18. Nxc4 Qc6 19. f3 cxd4 20. Bb3 dxc3 21. Rc1 Ba6 22. Rxc3 b5 23. Rf2 bxc4 24. Rd2 Nd5 25. Rc1 Qb6 26. Ba2 Nxe3 27. Qe2 Nd5+ 28. Qf2 Qxf2+ 29. Kxf2 N7b6 30. Rd4 Rc5 31. a4 Kf8 32. a5 Rxa5 33. Bxc4 Nxc4 34. Rdxc4 Bxc4 35. Rxc4 Ke7 36. g4 Ra2+ 37. Kg3 a5 38. g5 a4 39. h4 a3 40. Ra4 Kd6 41. f4 Ra1 42. Kg4 g6 43. h5 a2 44. Ra7 Nc7 45. hxg6 hxg6 46. Kf3 Rf1+ 0-1